000 00567cam a22002171 4500
001 sa 64001311
003 DLC
005 20260227112001.0
008 890719s1963 ii 000 0 hino
010 _asa 64001311
035 _a(OCoLC)20033603
040 _aDLC
_cWaU
_dDLC
042 _apremarc
050 0 0 _aPK2098.D32
_bU33
100 1 _aBhāṭī, Deśarājasiṃha.
245 1 0 _aRatnākara aura unakā Uddhavaśataka.
260 _c[1963]
300 _a186 p.
_c19 cm.
500 _aIn Hindi.
600 1 0 _aDas, Jagannath,
_d1866-1932.
_tUddhavaśataka.
999 _c56682
_d56682